000
00273nam a22001337a 4500
008
170906b xxu||||| |||| 00| 0 eng d
020
_a
22302
041
_a
eng
080
_a
72
100
_a
41
101
_a
ARK
245
_a
GRAPHIC SCIENCE
_c
FRENCH
942
_2
udc
_c
BK
999
_c
26279
_d
26279